A social history of education

Guardat en:
Dades bibliogràfiques
Autor principal: Beck, Robert Holmes (Autor)
Format: Llibre
Idioma:anglès
Publicat: Englewood Cliffs Prentice-Hall 1965
Col·lecció:Foundations of Education Series
Matèries:
Etiquetes: Afegir etiqueta
Sense etiquetes, Sigues el primer a etiquetar aquest registre!

MARC

LEADER 00000nam a2200000 a 4500
001 UCZ6468
003 CL-VaPUC
008 951211e19650000US |||||||||||||||||eng|d
082 0 4 |a 306.43  |b BEC  |2 21 
100 |a Beck, Robert Holmes  |e author  |9 562506 
245 1 2 |a A social history of education 
300 |a 149 p 
942 |c BK 
945 |d 19951211 00:00:00  |a cmena 
260 |a Englewood Cliffs  |b Prentice-Hall  |c 1965 
650 0 |a Sociología de la educación   |9 260380 
650 0 |a Historia de la educación   |9 257642 
650 7 |a DESARROLLO DE LA EDUCACION  |2 CL-VaPUC  |9 350797 
650 0 |a Planificación de la educación   |9 307333 
583 |a last modification  |c 20170925 04:35:13  |k Rodrigo Vera 
490 0 |a Foundations of Education Series 
999 |c 242668  |d 242666 
952 |0 0  |1 0  |4 0  |6 306_430000000000000_BEC_1965  |7 0  |8 P  |9 255769  |a BIBEDU  |b BIBEDU  |c BIBEDU_PB  |d 2019-11-19  |i 1603531  |o 306.43 BEC 1965  |p 1603531  |r 2024-01-25  |w 2019-11-19  |y BK  |k EDU